000 00458nam a2200169 a 4500
001 0000-9080
003 ELIB.Books
008 110520 1980
035 _a(ELIB.Books)0000-9229
082 _a225.7
_bMor
100 _aMorris, Canon Leon
245 _aTyndale (The Revelation of St. John)
260 _bGrand Rapids: Wm. B. Eerdmans Publishing Co.
_c1980
650 _aCommentaries
942 _2ddc
_cBK
998 _cbat
_e2011-05-20
999 _c9080
_d9080